[Event "ODJM A 2024"]
[Site "Willingen GER"]
[Date "2024.05.19"]
[Round "2"]
[White "Klahold, Rona"]
[Black "Andrade, Ruben"]
[Result "1/2-1/2"]
[Termination "normal"]
[Board "27"]
[WhiteElo "1779"]
[BlackElo "1968"]
[WhiteClock "00:29:56"]
[BlackClock "00:10:56"]
[PlyCount "53"]
[WhiteFideId "16222970"]
[BlackFideId "16246829"]
[EventCountry "GER"]
[EventRounds "9"]
[EventType "swiss"]
[EventDate "2024.05.18"]

1. d4 {[%clk 01:30:59]} d5 {[%clk 01:30:54]} {[%emt 00:00:07]} 2. Nf3 {[%clk
01:31:16]} {[%emt 00:00:12]} Nf6 {[%clk 01:31:13]} {[%emt 00:00:11]} 3. e3
{[%clk 01:31:37]} {[%emt 00:00:10]} e6 {[%clk 01:31:38]} {[%emt 00:00:04]} 4.
Bd3 {[%clk 01:31:54]} {[%emt 00:00:13]} c5 {[%clk 01:31:51]} {[%emt 00:00:17]}
5. b3 {[%clk 01:32:13]} {[%emt 00:00:11]} Bd6 {[%clk 01:28:35]} {[%emt
00:03:46]} 6. Bb2 {[%clk 01:32:22]} {[%emt 00:00:21]} O-O {[%clk 01:28:59]}
{[%emt 00:00:06]} 7. O-O {[%clk 01:32:20]} {[%emt 00:00:32]} b6 {[%clk
01:28:57]} {[%emt 00:00:32]} 8. Ne5 {[%clk 01:30:48]} {[%emt 00:02:02]} Bb7
{[%clk 01:28:26]} {[%emt 00:01:01]} 9. f4 {[%clk 01:28:25]} {[%emt 00:02:53]}
Nbd7 {[%clk 01:20:32]} {[%emt 00:08:25]} 10. Nd2 {[%clk 01:25:46]} {[%emt
00:03:09]} Ne4 {[%clk 01:17:16]} {[%emt 00:03:46]} 11. c4 {[%clk 01:07:51]}
{[%emt 00:18:26]} f6 {[%clk 01:13:56]} {[%emt 00:03:50]} 12. Nxd7 {[%clk
00:59:22]} {[%emt 00:08:58]} Qxd7 {[%clk 01:14:20]} {[%emt 00:00:06]} 13. Qc2
{[%clk 00:58:49]} {[%emt 00:01:03]} f5 {[%clk 01:12:43]} {[%emt 00:02:08]} 14.
Rad1 {[%clk 00:55:05]} {[%emt 00:04:14]} Rac8 {[%clk 01:08:52]} {[%emt
00:04:21]} 15. Nxe4 {[%clk 00:51:01]} {[%emt 00:04:34]} dxe4 {[%clk 01:08:04]}
{[%emt 00:01:18]} 16. Be2 {[%clk 00:51:15]} {[%emt 00:00:16]} Qc7 {[%clk
00:58:13]} {[%emt 00:10:21]} 17. Rd2 {[%clk 00:46:30]} {[%emt 00:05:14]} cxd4
{[%clk 00:54:08]} {[%emt 00:04:36]} 18. Bxd4 {[%clk 00:45:45]} {[%emt
00:01:15]} Bb4 {[%clk 00:37:45]} {[%emt 00:16:53]} 19. Bc3 {[%clk 00:43:04]}
{[%emt 00:03:12]} Bc5 {[%clk 00:37:53]} {[%emt 00:00:21]} 20. Bd4 {[%clk
00:42:38]} {[%emt 00:00:57]} Rcd8 {[%clk 00:26:36]} {[%emt 00:11:47]} 21. Rfd1
{[%clk 00:39:07]} {[%emt 00:04:01]} Bb4 {[%clk 00:23:14]} {[%emt 00:03:52]} 22.
Be5 {[%clk 00:35:22]} {[%emt 00:04:15]} Rxd2 {[%clk 00:20:43]} {[%emt
00:03:00]} 23. Rxd2 {[%clk 00:35:36]} {[%emt 00:00:16]} Qe7 {[%clk 00:15:00]}
{[%emt 00:06:12]} 24. Rd1 {[%clk 00:32:04]} {[%emt 00:04:03]} Rd8 {[%clk
00:15:02]} {[%emt 00:00:28]} 25. Rxd8+ {[%clk 00:29:37]} {[%emt 00:02:58]} Qxd8
{[%clk 00:15:02]} {[%emt 00:00:30]} 26. Qd1 {[%clk 00:29:38]} {[%emt 00:00:28]}
Qxd1+ {[%clk 00:10:56]} {[%emt 00:05:27]} 27. Bxd1 {[%clk 00:29:56]} {[%emt
00:00:01]} 1/2-1/2

[Event "ODJM A 2024"]
[Site "Willingen GER"]
[Date "2024.05.19"]
[Round "2"]
[White "Harutyunyan, Hovhannes"]
[Black "Hofmann, Benjamin"]
[Result "1-0"]
[Termination "normal"]
[Board "28"]
[WhiteElo "1914"]
[BlackElo "1890"]
[WhiteClock "00:48:58"]
[BlackClock "00:09:22"]
[PlyCount "49"]
[WhiteFideId "16281942"]
[BlackFideId "16270266"]
[EventCountry "GER"]
[EventRounds "9"]
[EventType "swiss"]
[EventDate "2024.05.18"]

1. e4 {[%clk 01:30:58]} {[%emt 00:00:01]} c6 {[%clk 01:30:54]} {[%emt
00:00:07]} 2. d4 {[%clk 01:31:09]} {[%emt 00:00:18]} d5 {[%clk 01:31:18]}
{[%emt 00:00:06]} 3. exd5 {[%clk 01:31:31]} {[%emt 00:00:09]} cxd5 {[%clk
01:31:38]} {[%emt 00:00:10]} 4. Nf3 {[%clk 01:31:53]} {[%emt 00:00:07]} Nf6
{[%clk 01:31:50]} {[%emt 00:00:17]} 5. h3 {[%clk 01:31:24]} {[%emt 00:00:59]}
Bf5 {[%clk 01:31:28]} {[%emt 00:00:53]} 6. c3 {[%clk 01:29:30]} {[%emt
00:02:25]} e6 {[%clk 01:30:52]} {[%emt 00:01:05]} 7. Bd3 {[%clk 01:22:15]}
{[%emt 00:07:46]} Bxd3 {[%clk 01:30:20]} {[%emt 00:01:01]} 8. Qxd3 {[%clk
01:22:42]} {[%emt 00:00:03]} Bd6 {[%clk 01:30:17]} {[%emt 00:00:33]} 9. O-O
{[%clk 01:22:29]} {[%emt 00:00:43]} Nbd7 {[%clk 01:30:14]} {[%emt 00:00:32]}
10. Nbd2 {[%clk 01:19:43]} {[%emt 00:03:17]} O-O {[%clk 01:29:46]} {[%emt
00:00:58]} 11. Re1 {[%clk 01:19:44]} {[%emt 00:00:28]} Qc7 {[%clk 01:20:15]}
{[%emt 00:10:01]} 12. b3 {[%clk 01:16:49]} {[%emt 00:03:25]} a6 {[%clk
01:09:32]} {[%emt 00:11:13]} 13. a4 {[%clk 01:14:47]} {[%emt 00:02:33]} b6
{[%clk 01:06:19]} {[%emt 00:03:43]} 14. Bb2 {[%clk 01:14:05]} {[%emt 00:01:12]}
Rfc8 {[%clk 00:54:48]} {[%emt 00:12:00]} 15. Rac1 {[%clk 01:13:00]} {[%emt
00:01:35]} Qb7 {[%clk 00:46:12]} {[%emt 00:09:06]} 16. Ne5 {[%clk 01:07:58]}
{[%emt 00:05:33]} b5 {[%clk 00:45:11]} {[%emt 00:01:31]} 17. Qe2 {[%clk
00:59:36]} {[%emt 00:08:52]} bxa4 {[%clk 00:39:53]} {[%emt 00:05:48]} 18. Nxf7
{[%clk 00:59:57]} {[%emt 00:00:08]} Kxf7 {[%clk 00:33:57]} {[%emt 00:06:26]}
19. Qxe6+ {[%clk 01:00:23]} {[%emt 00:00:05]} Kf8 {[%clk 00:34:20]} {[%emt
00:00:06]} 20. Qxd6+ {[%clk 01:00:39]} {[%emt 00:00:14]} Kg8 {[%clk 00:34:42]}
{[%emt 00:00:08]} 21. Re7 {[%clk 00:57:41]} {[%emt 00:03:28]} Rc6 {[%clk
00:21:08]} {[%emt 00:14:04]} 22. Qg3 {[%clk 00:57:58]} {[%emt 00:00:13]} g6
{[%clk 00:20:39]} {[%emt 00:00:59]} 23. Rce1 {[%clk 00:51:19]} {[%emt
00:07:10]} Qc7 {[%clk 00:16:40]} {[%emt 00:04:29]} 24. Qg5 {[%clk 00:50:44]}
{[%emt 00:01:04]} Rf8 {[%clk 00:09:22]} {[%emt 00:07:48]} 25. Ba3 {[%clk
00:48:58]} {[%emt 00:02:17]} 1-0

[Event "ODJM A 2024"]
[Site "Willingen GER"]
[Date "2024.05.19"]
[Round "2"]
[White "Stiehler, Daniel"]
[Black "Gold, Jan Christian"]
[Result "0-1"]
[Termination "normal"]
[Board "29"]
[WhiteElo "1923"]
[BlackElo "1969"]
[WhiteClock "00:51:41"]
[BlackClock "00:59:36"]
[PlyCount "58"]
[WhiteFideId "34604863"]
[BlackFideId "16298128"]
[EventCountry "GER"]
[EventRounds "9"]
[EventType "swiss"]
[EventDate "2024.05.18"]

1. e4 {[%clk 01:30:57]} {[%emt 00:00:02]} e6 {[%clk 01:30:53]} {[%emt
00:00:07]} 2. d3 {[%clk 01:31:24]} {[%emt 00:00:03]} d5 {[%clk 01:31:10]}
{[%emt 00:00:14]} 3. Nd2 {[%clk 01:31:49]} {[%emt 00:00:05]} Nc6 {[%clk
01:31:17]} {[%emt 00:00:23]} 4. Ngf3 {[%clk 01:32:06]} {[%emt 00:00:12]} Nf6
{[%clk 01:31:16]} {[%emt 00:00:31]} 5. g3 {[%clk 01:32:22]} {[%emt 00:00:15]}
Bc5 {[%clk 01:31:23]} {[%emt 00:00:23]} 6. h3 {[%clk 01:31:47]} {[%emt
00:01:05]} dxe4 {[%clk 01:30:43]} {[%emt 00:01:10]} 7. dxe4 {[%clk 01:31:53]}
{[%emt 00:00:23]} e5 {[%clk 01:31:04]} {[%emt 00:00:09]} 8. Bg2 {[%clk
01:31:02]} {[%emt 00:01:21]} Qe7 {[%clk 01:29:56]} {[%emt 00:01:38]} 9. O-O
{[%clk 01:30:42]} {[%emt 00:00:49]} Bd7 {[%clk 01:29:43]} {[%emt 00:00:44]} 10.
c3 {[%clk 01:29:30]} {[%emt 00:01:42]} a5 {[%clk 01:29:09]} {[%emt 00:01:05]}
11. Qc2 {[%clk 01:27:15]} {[%emt 00:02:43]} h6 {[%clk 01:28:18]} {[%emt
00:01:24]} 12. Nc4 {[%clk 01:25:42]} {[%emt 00:02:01]} O-O {[%clk 01:27:47]}
{[%emt 00:01:01]} 13. Bd2 {[%clk 01:22:57]} {[%emt 00:03:14]} Nh5 {[%clk
01:25:42]} {[%emt 00:02:36]} 14. Kh2 {[%clk 01:21:03]} {[%emt 00:02:25]} f5
{[%clk 01:21:40]} {[%emt 00:04:32]} 15. Rae1 {[%clk 01:15:44]} {[%emt
00:05:45]} f4 {[%clk 01:17:44]} {[%emt 00:04:30]} 16. g4 {[%clk 01:14:11]}
{[%emt 00:02:02]} Nf6 {[%clk 01:14:41]} {[%emt 00:03:34]} 17. Bc1 {[%clk
01:11:50]} {[%emt 00:02:47]} g5 {[%clk 01:12:45]} {[%emt 00:02:30]} 18. Rd1
{[%clk 01:08:40]} {[%emt 00:03:39]} h5 {[%clk 01:06:11]} {[%emt 00:07:05]} 19.
gxh5 {[%clk 01:04:57]} {[%emt 00:04:13]} g4 {[%clk 01:06:26]} {[%emt 00:00:15]}
20. hxg4 {[%clk 01:03:00]} {[%emt 00:02:27]} Nxg4+ {[%clk 01:06:42]} {[%emt
00:00:13]} 21. Kg1 {[%clk 01:02:06]} {[%emt 00:01:24]} Kh8 {[%clk 01:06:03]}
{[%emt 00:01:10]} 22. Qe2 {[%clk 00:56:40]} {[%emt 00:05:51]} Rf7 {[%clk
01:03:32]} {[%emt 00:03:06]} 23. Bh3 {[%clk 00:54:57]} {[%emt 00:02:09]} Rg8
{[%clk 01:02:33]} {[%emt 00:01:33]} 24. Bg2 {[%clk 00:54:51]} {[%emt 00:00:36]}
Rfg7 {[%clk 01:02:30]} {[%emt 00:00:33]} 25. Qd3 {[%clk 00:52:08]} {[%emt
00:03:13]} Nh2 {[%clk 00:58:23]} {[%emt 00:04:37]} 26. Nxh2 {[%clk 00:50:32]}
{[%emt 00:02:07]} Rxg2+ {[%clk 00:58:46]} {[%emt 00:00:07]} 27. Kh1 {[%clk
00:50:58]} {[%emt 00:00:03]} Rxh2+ {[%clk 00:59:09]} {[%emt 00:00:08]} 28. Kxh2
{[%clk 00:51:21]} {[%emt 00:00:08]} Qh4+ {[%clk 00:59:36]} {[%emt 00:00:02]}
29. Qh3 {[%clk 00:51:41]} {[%emt 00:00:10]} Qxh3# {[%emt 00:00:11]} 0-1

[Event "ODJM A 2024"]
[Site "Willingen GER"]
[Date "2024.05.19"]
[Round "2"]
[White "Schulz, Tim"]
[Black "Longo, Massimo"]
[Result "1-0"]
[Termination "normal"]
[Board "30"]
[WhiteElo "1850"]
[BlackElo "1945"]
[WhiteClock "00:03:23"]
[BlackClock "00:07:54"]
[PlyCount "147"]
[WhiteFideId "34629165"]
[BlackFideId "16205227"]
[EventCountry "GER"]
[EventRounds "9"]
[EventType "swiss"]
[EventDate "2024.05.18"]

1. d4 {[%clk 01:30:56]} {[%emt 00:00:03]} e6 {[%clk 01:30:54]} {[%emt
00:00:06]} 2. Nf3 {[%clk 01:31:21]} {[%emt 00:00:05]} Nf6 {[%clk 01:31:00]}
{[%emt 00:00:25]} 3. e3 {[%clk 01:31:44]} {[%emt 00:00:06]} b6 {[%clk
01:31:18]} {[%emt 00:00:13]} 4. Bd3 {[%clk 01:31:59]} {[%emt 00:00:14]} Bb7
{[%clk 01:31:43]} {[%emt 00:00:06]} 5. O-O {[%clk 01:32:15]} {[%emt 00:00:13]}
Be7 {[%clk 01:31:50]} {[%emt 00:00:24]} 6. b3 {[%clk 01:32:28]} {[%emt
00:00:18]} O-O {[%clk 01:32:02]} {[%emt 00:00:18]} 7. Bb2 {[%clk 01:32:51]}
{[%emt 00:00:06]} Ne4 {[%clk 01:32:23]} {[%emt 00:00:09]} 8. Nbd2 {[%clk
01:31:45]} {[%emt 00:01:36]} f5 {[%clk 01:32:35]} {[%emt 00:00:19]} 9. c4
{[%clk 01:29:28]} {[%emt 00:02:46]} Qe8 {[%clk 01:22:58]} {[%emt 00:10:08]} 10.
Qc2 {[%clk 01:22:54]} {[%emt 00:07:05]} Nxd2 {[%clk 01:20:22]} {[%emt
00:03:06]} 11. Nxd2 {[%clk 01:21:12]} {[%emt 00:02:12]} Na6 {[%clk 01:16:01]}
{[%emt 00:04:51]} 12. a3 {[%clk 01:20:25]} {[%emt 00:01:17]} Qh5 {[%clk
01:11:15]} {[%emt 00:05:15]} 13. e4 {[%clk 01:13:40]} {[%emt 00:07:15]} f4
{[%clk 01:05:04]} {[%emt 00:06:42]} 14. Rfe1 {[%clk 01:09:28]} {[%emt
00:04:41]} g5 {[%clk 00:56:22]} {[%emt 00:09:13]} 15. Be2 {[%clk 00:59:22]}
{[%emt 00:10:36]} Qg6 {[%clk 00:55:07]} {[%emt 00:01:45]} 16. Qd1 {[%clk
00:58:33]} {[%emt 00:01:18]} Qg7 {[%clk 00:48:45]} {[%emt 00:06:53]} 17. Rb1
{[%clk 00:56:08]} {[%emt 00:02:55]} d6 {[%clk 00:45:54]} {[%emt 00:03:21]} 18.
Bg4 {[%clk 00:43:20]} {[%emt 00:13:18]} e5 {[%clk 00:37:28]} {[%emt 00:08:57]}
19. Nf3 {[%clk 00:40:09]} {[%emt 00:03:40]} Bf6 {[%clk 00:32:38]} {[%emt
00:05:21]} 20. Qd3 {[%clk 00:37:03]} {[%emt 00:03:36]} Rfe8 {[%clk 00:27:38]}
{[%emt 00:05:30]} 21. b4 {[%clk 00:34:28]} {[%emt 00:03:04]} Rad8 {[%clk
00:22:48]} {[%emt 00:05:20]} 22. d5 {[%clk 00:32:59]} {[%emt 00:02:00]} Qe7
{[%clk 00:16:33]} {[%emt 00:06:45]} 23. Nd2 {[%clk 00:31:40]} {[%emt 00:01:49]}
c5 {[%clk 00:12:32]} {[%emt 00:04:32]} 24. dxc6 {[%clk 00:30:39]} {[%emt
00:01:31]} Bxc6 {[%clk 00:12:52]} {[%emt 00:00:09]} 25. Qb3 {[%clk 00:30:26]}
{[%emt 00:00:42]} Kg7 {[%clk 00:09:24]} {[%emt 00:05:03]} 26. Bf5 {[%clk
00:29:01]} {[%emt 00:00:50]} Bd7 {[%clk 00:07:17]} {[%emt 00:02:38]} 27. Bxd7
{[%clk 00:27:11]} {[%emt 00:02:20]} Qxd7 {[%clk 00:07:38]} {[%emt 00:00:09]}
28. Rbc1 {[%clk 00:26:40]} {[%emt 00:01:00]} h5 {[%clk 00:07:48]} {[%emt
00:00:20]} 29. Red1 {[%clk 00:25:24]} {[%emt 00:01:46]} g4 {[%clk 00:07:27]}
{[%emt 00:00:51]} 30. Nb1 {[%clk 00:24:04]} {[%emt 00:01:49]} h4 {[%clk
00:05:37]} {[%emt 00:02:20]} 31. Nc3 {[%clk 00:23:41]} {[%emt 00:00:53]} g3
{[%clk 00:04:45]} {[%emt 00:01:23]} 32. Nb5 {[%clk 00:22:27]} {[%emt 00:01:43]}
gxf2+ {[%clk 00:04:19]} {[%emt 00:00:56]} 33. Kxf2 {[%clk 00:22:15]} {[%emt
00:00:42]} Qe6 {[%clk 00:04:23]} {[%emt 00:00:27]} 34. Nxa7 {[%clk 00:20:46]}
{[%emt 00:02:00]} Rh8 {[%clk 00:04:16]} {[%emt 00:00:36]} 35. Rd3 {[%clk
00:20:00]} {[%emt 00:01:16]} Rdg8 {[%clk 00:03:44]} {[%emt 00:01:02]} 36. Rcd1
{[%clk 00:19:20]} {[%emt 00:01:09]} Be7 {[%clk 00:03:51]} {[%emt 00:00:24]} 37.
Nb5 {[%clk 00:18:57]} {[%emt 00:00:53]} h3 {[%clk 00:02:47]} {[%emt 00:01:34]}
38. g3 {[%clk 00:13:46]} {[%emt 00:05:40]} Rf8 {[%clk 00:02:38]} {[%emt
00:00:39]} 39. Kg1 {[%clk 00:12:57]} {[%emt 00:01:18]} fxg3 {[%clk 00:02:55]}
{[%emt 00:00:15]} 40. Rxg3+ {[%clk 00:13:10]} {[%emt 00:00:25]} Kf7 {[%clk
00:02:43]} {[%emt 00:00:52]} 41. Rf1+ {[%clk 00:11:35]} {[%emt 00:04:04]} Bf6
{[%clk 00:02:25]} 42. Qd3 {[%clk 00:09:49]} {[%emt 00:00:46]} Ke7 {[%clk
00:01:44]} {[%emt 00:01:13]} 43. Rd1 {[%clk 00:03:34]} {[%emt 00:06:44]} Rd8
{[%clk 00:01:07]} {[%emt 00:01:07]} 44. Kh1 {[%clk 00:27:53]} {[%emt 00:06:10]}
Rd7 {[%clk 00:27:19]} {[%emt 00:04:19]} 45. Nc3 {[%clk 00:27:07]} {[%emt
00:01:16]} Nc7 {[%clk 00:26:31]} {[%emt 00:01:18]} 46. Bc1 {[%clk 00:24:52]}
{[%emt 00:02:44]} Rdd8 {[%clk 00:26:23]} {[%emt 00:00:39]} 47. Rf1 {[%clk
00:23:48]} {[%emt 00:01:32]} Rdg8 {[%clk 00:26:21]} {[%emt 00:00:33]} 48. Rgf3
{[%clk 00:22:41]} {[%emt 00:01:38]} Rg6 {[%clk 00:23:39]} {[%emt 00:03:12]} 49.
Be3 {[%clk 00:21:55]} {[%emt 00:01:16]} Rb8 {[%clk 00:23:31]} {[%emt 00:00:38]}
50. Bg1 {[%clk 00:18:03]} {[%emt 00:06:48]} Rh6 {[%clk 00:21:18]} {[%emt
00:00:26]} 51. Bxb6 {[%clk 00:16:25]} {[%emt 00:01:59]} Ne8 {[%clk 00:20:15]}
{[%emt 00:01:33]} 52. Nd5+ {[%clk 00:15:45]} {[%emt 00:01:09]} Kd7 {[%clk
00:20:35]} {[%emt 00:00:10]} 53. Qb3 {[%clk 00:15:00]} {[%emt 00:01:15]} Ra8
{[%clk 00:20:57]} {[%emt 00:00:10]} 54. Ba5 {[%clk 00:15:16]} {[%emt 00:00:13]}
Qg4 {[%clk 00:20:54]} {[%emt 00:00:34]} 55. Qc2 {[%clk 00:13:31]} {[%emt
00:02:14]} Ke6 {[%clk 00:21:13]} {[%emt 00:00:11]} 56. Qd2 {[%clk 00:12:01]}
{[%emt 00:01:59]} Bg5 {[%clk 00:20:21]} {[%emt 00:01:23]} 57. Qe2 {[%clk
00:11:18]} {[%emt 00:01:12]} Rh4 {[%clk 00:19:03]} {[%emt 00:01:49]} 58. Rg1
{[%clk 00:09:59]} {[%emt 00:01:48]} Qh5 {[%clk 00:17:16]} {[%emt 00:02:17]} 59.
Qf2 {[%clk 00:09:24]} {[%emt 00:01:03]} Rxe4 {[%clk 00:16:53]} {[%emt
00:00:55]} 60. Rf8 {[%clk 00:08:22]} {[%emt 00:01:31]} Rxc4 {[%clk 00:16:06]}
{[%emt 00:01:18]} 61. Nb6 {[%clk 00:07:01]} {[%emt 00:01:50]} Bh4 {[%clk
00:12:48]} {[%emt 00:03:48]} 62. Qf1 {[%clk 00:04:54]} {[%emt 00:02:36]} Rcc8
{[%clk 00:08:52]} {[%emt 00:04:43]} 63. Nxc8 {[%clk 00:04:04]} {[%emt
00:01:03]} Rxc8 {[%clk 00:09:19]} {[%emt 00:00:04]} 64. Qxh3+ {[%clk 00:04:27]}
{[%emt 00:00:06]} Ke7 {[%clk 00:09:24]} {[%emt 00:00:26]} 65. Rfg8 {[%clk
00:04:11]} {[%emt 00:00:45]} Rc4 {[%clk 00:08:35]} {[%emt 00:01:20]} 66. R8g4
{[%clk 00:03:57]} {[%emt 00:00:43]} Rxg4 {[%clk 00:08:32]} {[%emt 00:00:34]}
67. Rxg4 {[%clk 00:04:11]} {[%emt 00:00:15]} Nf6 {[%clk 00:08:56]} {[%emt
00:00:06]} 68. Rg1 {[%clk 00:03:42]} {[%emt 00:00:57]} Ne4 {[%clk 00:08:27]}
{[%emt 00:01:00]} 69. Bb6 {[%clk 00:03:41]} {[%emt 00:00:32]} d5 {[%clk
00:08:15]} {[%emt 00:00:43]} 70. Bc5+ {[%clk 00:03:32]} {[%emt 00:00:37]} Kf6
{[%clk 00:07:53]} {[%emt 00:00:52]} 71. Rf1+ {[%clk 00:03:30]} {[%emt
00:00:31]} Kg6 {[%clk 00:08:02]} {[%emt 00:00:22]} 72. Qe6+ {[%clk 00:03:07]}
{[%emt 00:00:53]} Bf6 {[%clk 00:08:28]} {[%emt 00:00:05]} 73. Qe8+ {[%clk
00:03:08]} {[%emt 00:00:27]} Kh6 {[%clk 00:07:54]} {[%emt 00:01:05]} 74. Bf8+
{[%clk 00:03:23]} {[%emt 00:00:15]} 1-0

[Event "ODJM A 2024"]
[Site "Willingen GER"]
[Date "2024.05.19"]
[Round "2"]
[White "Holzwarth, Felix"]
[Black "Wendt, Felix"]
[Result "1/2-1/2"]
[Termination "normal"]
[Board "31"]
[WhiteElo "1976"]
[BlackElo "1766"]
[WhiteClock "00:23:58"]
[BlackClock "01:00:19"]
[PlyCount "59"]
[WhiteFideId "34621377"]
[BlackFideId "34663592"]
[EventCountry "GER"]
[EventRounds "9"]
[EventType "swiss"]
[EventDate "2024.05.18"]

1. d4 {[%clk 01:30:42]} {[%emt 00:00:17]} d5 {[%clk 01:30:45]} {[%emt
00:00:16]} 2. Nc3 {[%clk 01:31:06]} {[%emt 00:00:05]} Nf6 {[%clk 01:31:07]}
{[%emt 00:00:08]} 3. Bf4 {[%clk 01:31:31]} {[%emt 00:00:06]} e6 {[%clk
01:31:30]} {[%emt 00:00:07]} 4. Nb5 {[%clk 01:31:57]} {[%emt 00:00:04]} Na6
{[%clk 01:31:07]} {[%emt 00:00:52]} 5. e3 {[%clk 01:32:22]} {[%emt 00:00:05]}
c6 {[%clk 01:30:21]} {[%emt 00:01:16]} 6. Nc3 {[%clk 01:32:47]} {[%emt
00:00:05]} Nc7 {[%clk 01:29:53]} {[%emt 00:00:59]} 7. Nf3 {[%clk 01:32:50]}
{[%emt 00:00:27]} Bd6 {[%clk 01:28:22]} {[%emt 00:02:01]} 8. Ne5 {[%clk
01:33:05]} {[%emt 00:00:15]} Qe7 {[%clk 01:26:54]} {[%emt 00:01:58]} 9. Bd3
{[%clk 01:28:14]} {[%emt 00:05:21]} Nd7 {[%clk 01:25:43]} {[%emt 00:01:40]} 10.
Qg4 {[%clk 01:24:39]} {[%emt 00:04:04]} Bxe5 {[%clk 01:20:54]} {[%emt
00:05:20]} 11. Bxe5 {[%clk 01:24:39]} {[%emt 00:00:31]} Nxe5 {[%clk 01:21:17]}
{[%emt 00:00:06]} 12. dxe5 {[%clk 01:25:00]} {[%emt 00:00:09]} f6 {[%clk
01:19:16]} {[%emt 00:02:31]} 13. Bxh7 {[%clk 01:11:56]} {[%emt 00:13:35]} f5
{[%clk 01:18:24]} {[%emt 00:01:22]} 14. Bg6+ {[%clk 01:11:39]} {[%emt
00:00:47]} Kf8 {[%clk 01:17:41]} {[%emt 00:01:13]} 15. Qg3 {[%clk 01:11:11]}
{[%emt 00:00:59]} Qh4 {[%clk 01:17:32]} {[%emt 00:00:37]} 16. Qxh4 {[%clk
01:10:26]} {[%emt 00:01:16]} Rxh4 {[%clk 01:17:55]} {[%emt 00:00:07]} 17. Ne2
{[%clk 01:10:52]} {[%emt 00:00:04]} d4 {[%clk 01:15:42]} {[%emt 00:02:42]} 18.
Ng3 {[%clk 00:55:22]} {[%emt 00:16:01]} Nd5 {[%clk 01:13:00]} {[%emt 00:03:12]}
19. O-O-O {[%clk 00:54:31]} {[%emt 00:01:21]} Rh6 {[%clk 01:11:05]} {[%emt
00:02:25]} 20. Bh5 {[%clk 00:54:44]} {[%emt 00:00:18]} g6 {[%clk 01:11:09]}
{[%emt 00:00:25]} 21. Bf3 {[%clk 00:54:44]} {[%emt 00:00:30]} dxe3 {[%clk
01:10:37]} {[%emt 00:01:02]} 22. Bxd5 {[%clk 00:52:04]} {[%emt 00:03:11]} exd5
{[%clk 01:10:45]} {[%emt 00:00:22]} 23. fxe3 {[%clk 00:52:20]} {[%emt
00:00:15]} Ke7 {[%clk 01:09:29]} {[%emt 00:01:45]} 24. Ne2 {[%clk 00:36:51]}
{[%emt 00:15:59]} Ke6 {[%clk 01:07:10]} {[%emt 00:02:48]} 25. c4 {[%clk
00:32:15]} {[%emt 00:05:07]} Kxe5 {[%clk 01:06:32]} {[%emt 00:01:07]} 26. cxd5
{[%clk 00:31:15]} {[%emt 00:01:30]} cxd5 {[%clk 01:06:10]} {[%emt 00:00:52]}
27. Nc3 {[%clk 00:30:45]} {[%emt 00:01:00]} Be6 {[%clk 01:06:27]} {[%emt
00:00:12]} 28. Rd2 {[%clk 00:30:05]} {[%emt 00:01:11]} g5 {[%clk 01:03:24]}
{[%emt 00:03:33]} 29. h3 {[%clk 00:24:39]} {[%emt 00:05:56]} Rc8 {[%clk
01:00:19]} {[%emt 00:03:33]} 30. Rhd1 {[%clk 00:23:58]} {[%emt 00:01:12]}
1/2-1/2